Introduction to reliability in design / (Record no. 615928)

000 -LEADER
fixed length control field 01003pam a2200325 i 4500
001 - CONTROL NUMBER
control field 2217992
005 - DATE AND TIME OF LATEST TRANSACTION
control field 20260126141330.0
008 - FIXED-LENGTH DATA ELEMENTS--GENERAL INFORMATION
fixed length control field 751216s1976 nyua b 001 0 eng
010 ## - LIBRARY OF CONGRESS CONTROL NUMBER
LC control number 75044421
020 ## - INTERNATIONAL STANDARD BOOK NUMBER
International Standard Book Number 0070590834
020 ## - INTERNATIONAL STANDARD BOOK NUMBER
International Standard Book Number 9780070590830
035 ## - SYSTEM CONTROL NUMBER
System control number 2217992
040 ## - CATALOGING SOURCE
Original cataloging agency DLC
Transcribing agency DLC
Modifying agency DLC
050 00 - LIBRARY OF CONGRESS CALL NUMBER
Classification number TS173
Item number .S6
082 00 - DEWEY DECIMAL CLASSIFICATION NUMBER
Classification number 620.00452 SMI'I
100 1# - MAIN ENTRY--PERSONAL NAME
Personal name Smith, Charles O.,
Dates associated with a name 1920-
9 (RLIN) 132906
245 10 - TITLE STATEMENT
Title Introduction to reliability in design /
Statement of responsibility, etc. Charles O. Smith.
260 ## - PUBLICATION, DISTRIBUTION, ETC.
Place of publication, distribution, etc. New York :
Name of publisher, distributor, etc. McGraw-Hill,
Date of publication, distribution, etc. c1976.
300 ## - PHYSICAL DESCRIPTION
Extent xiv, 269 p. :
Other physical details ill. ;
Dimensions 24 cm.
336 ## - CONTENT TYPE
Content type term text
Content type code txt
Source rdacontent
337 ## - MEDIA TYPE
Media type term unmediated
Media type code n
Source rdamedia
338 ## - CARRIER TYPE
Carrier type term volume
Carrier type code nc
Source rdacarrier
500 ## - GENERAL NOTE
General note Includes index.
504 ## - BIBLIOGRAPHY, ETC. NOTE
Bibliography, etc. note Bibliography: p. [203]-207.
650 #0 - SUBJECT ADDED ENTRY--TOPICAL TERM
Topical term or geographic name entry element Reliability (Engineering)
650 #0 - SUBJECT ADDED ENTRY--TOPICAL TERM
Topical term or geographic name entry element Engineering design.
906 ## - LOCAL DATA ELEMENT F, LDF (RLIN)
a 7
b cbc
c orignew
d 1
e ocip
f 19
g y-gencatlg
942 ## - ADDED ENTRY ELEMENTS (KOHA)
Source of classification or shelving scheme
Koha item type Book
Holdings
Withdrawn status Lost status Source of classification or shelving scheme Damaged status Not for loan Permanent Location Current Location Shelving location Date acquired Total Checkouts Full call number Barcode Date last seen Price effective from Koha item type Public note
          College of Electrical & Mechanical Engineering (CEME) College of Electrical & Mechanical Engineering (CEME) General Stacks 01/26/2026   620.00452 SMI'I CEME-15767 01/26/2026 01/26/2026 Book 4.1
© 2023 Central Library, National University of Sciences and Technology. All Rights Reserved.